Les liens de parentés - Statistiques

Statistiques générales
  • Ce quiz a été pris 917 fois
  • Le résultat moyen est 18 sur 30
Réponses sur la Carte
Les réponses sont colorées sur une échelle allant du rouge au vert en fonction du pourcentage des utilisateurs qui les ont devinées à leur premier essai. Vous pouvez retrouver ces pourcentages ci-dessous.
 
Statistiques - réponses
Parenté % Correct
Mère
98%
Père
97%
Grand-Mère
93%
Grand-Père
93%
Oncle
93%
Tante
93%
Arrière-Grand-Mère
88%
Arrière-Grand-Père
88%
Nièce
87%
Neveu
86%
Frère Germain
80%
Arrière-Arrière-Grand-Père
77%
Arrière-Arrière-Grand-Mère
76%
Grand-Oncle
75%
Grande-Tante
72%
Belle-Mère
71%
Beau-Père
69%
Cousin Germain
65%
Frère/Soeur Utérin
59%
Frère/Soeur Consanguin
58%
Cousine Germaine
53%
Petit Cousin/Cousine
39%
Soeur Germaine
37%
Arrière-Grand-Oncle/Tante
34%
Oncle/Tante par Alliance
23%
Cousin/Cousine issu de Germain
15%
Cousin/Cousine Germain éloigné au 1e degré
1%
Cousin/Cousine Germain éloigné au 1e degré
0%
Cousin/Cousine Germain éloigné au 2e degré
0%
Cousin/Cousine issu de Germain éloigné au 1e degré
0%
Aucun quiz correspondant
Distribution des résultats
% des personnes avec chaque résultat
Percentile par nombre de réponses
Votre historique - résultats
Vous n’avez pas pris ce quiz